संस्कार-समुच्चय : (Record no. 111702)
[ view plain ]
| 000 -LEADER | |
|---|---|
| fixed length control field | 01051nam a22002537a 4500 |
| 005 - DATE AND TIME OF LATEST TRANSACTION | |
| control field | 20170124102928.0 |
| 010 ## - LIBRARY OF CONGRESS CONTROL NUMBER | |
| LC control number | A-973326 |
| 020 ## - INTERNATIONAL STANDARD BOOK NUMBER | |
| Terms of availability | 400.00 |
| 035 ## - SYSTEM CONTROL NUMBER | |
| System control number | A-973326 |
| 037 ## - SOURCE OF ACQUISITION | |
| Source of stock number/acquisition | Cen Lib/Ret |
| 040 ## - CATALOGING SOURCE | |
| Original cataloging agency | DPL |
| Language of cataloging | HN |
| 082 ## - DEWEY DECIMAL CLASSIFICATION NUMBER | |
| Classification number | 392 |
| Item number | विधासा |
| 100 ## - MAIN ENTRY--PERSONAL NAME | |
| Personal name | विधासागर, मदमोहन |
| 9 (RLIN) | 44153 |
| 245 ## - TITLE STATEMENT | |
| Title | संस्कार-समुच्चय : |
| Statement of responsibility, etc | मदमोहन विधासागर |
| Remainder of title | द्विभागात्म्क / |
| 246 ## - VARYING FORM OF TITLE | |
| Title proper/short title | Sanskar-samuchchye : duvityebhagatmak / |
| Remainder of title | by Madanmohan Vidhasagar |
| 260 ## - PUBLICATION, DISTRIBUTION, ETC. (IMPRINT) | |
| Place of publication, distribution, etc | नई दिल्ली |
| Name of publisher, distributor, etc | संस्कार प्रकाशन |
| Date of publication, distribution, etc | 1998 |
| 270 ## - ADDRESS | |
| Address | 4408 |
| City | नई दिल्ली |
| Postal code | 110006 |
| 300 ## - PHYSICAL DESCRIPTION | |
| Extent | 654पृ. |
| Dimensions | 22सेमी(सजिल्द) |
| 650 ## - SUBJECT ADDED ENTRY--TOPICAL TERM | |
| Topical term or geographic name as entry element | हिंदू संस्कृति |
| 9 (RLIN) | 2082 |
| 650 ## - SUBJECT ADDED ENTRY--TOPICAL TERM | |
| Topical term or geographic name as entry element | अध्यात्म शिक्षा |
| 9 (RLIN) | 1483 |
| 650 ## - SUBJECT ADDED ENTRY--TOPICAL TERM | |
| Topical term or geographic name as entry element | Hindu culture |
| 9 (RLIN) | 11169 |
| 650 ## - SUBJECT ADDED ENTRY--TOPICAL TERM | |
| Topical term or geographic name as entry element | Spirituality education |
| 9 (RLIN) | 44154 |
| 942 ## - ADDED ENTRY ELEMENTS (KOHA) | |
| Source of classification or shelving scheme | Dewey Decimal Classification |
| Koha item type | Hindi Books |
| Classification part | 392 |
| Call number suffix | विधासा |
| Withdrawn status | Lost status | Damaged status | Not for loan | Collection code | Home library | Current library | Date acquired | Source of acquisition | Cost, normal purchase price | Total Checkouts | Full call number | Barcode | Date last seen | Copy number | Cost, replacement price | Price effective from | Koha item type |
|---|---|---|---|---|---|---|---|---|---|---|---|---|---|---|---|---|---|
| Not For Loan | Reference | Central Library | Central Library | 05/08/2015 | Cen Lib/Ret | 400.00 | 392 विधासा | A-973326 | 05/08/2015 | 1 | 400.00 | 05/08/2015 | Hindi Books |
